000 00248nam a2200097Ia 4500
001 689795
005 20250826161804.0
008 250824s9999 xx 000 0 und d
245 0 _aMEHDİX OLASILIK TEORİSİ
_cTURGAY GÜLER
260 _bHAYAT YAYINLARI
999 _c689795
_d689795